000 00336pam a2200157a 44500
008 230515b1986 xxu||||| |||| 00| 0 eng d
020 _aNULL
041 _aENGLISH
082 _a630
100 _aOVECHKIN YU
245 _aMICRO ELECTRONICS
250 _a0
260 _aN
_bMIR PUBLISHERS
_c1986
300 _a238
650 _aNULL
999 _c651489
_d651489